000
00307nam a22001457a 4500
020
_a
978-8126-427680
082
_a
894.812.3
_b
BEA/E
100
_a
BENYAMIN
245
_a
EE MM ESSUM PENKUTTIYUM
260
_a
KOTTAYAM
_b
DC BOOKS
_c
2016
300
_a
110
520
_a
NOVEL
650
_a
NOVEL
942
_c
BK
999
_c
4781
_d
4781